000 00512nam a2200205Ia 4500
008 170918s9999 xx 000 0 und d
020 _a9780439895965
050 _bK641 2009
100 _aKlein, Abby
245 _aReady, set, snow! /
245 _cAbby Klein ; illustrated by John McKinley.
260 _aNew York :
260 _bThe blue sky press.
260 _c2009
300 _a94 pages :
300 _bcolored illustration ;
300 _c19cm.
440 _aReady, Freddy!
500 _a500
999 _c341523
_d341523